000 00550nam a2200193 a 4500
005 20230919064207.0
008 991125s1992 mad 000 0 spa u
020 _a8485252330
035 _aUPN01000016269
049 _aCG
050 4 _aLC8
_bE86 no.10
100 1 _aPascual García, Pilar
245 1 3 _aLa dislalia :
_bnaturaleza, diagnóstico y rehabilitación /
_cPilar Pascual García.
260 _aMadrid :
_bCEPE,
_c1992.
300 _a185 p. :
_bil.
440 0 _aEducación especial ;
_v10
650 4 _aDislalia
_914788
905 _aLibro
999 _c16269
_d16269